Movies Quiz

Random Movies Quiz

Movie by Actor FAST Quiz Stats

 Plays Quiz not verified by Sporcle

Score 0/35 Timer 02:00
0 Plays Today
Actor Movie % Correct
Will SmithHancock...
94.4%
Charlize TheronHancock...
87.7%
George ClooneyUp in the Air...
84.2%
Johnny DeppBlow...
79.6%
Leonardo DiCaprioShutter Island...
79%
Natalie PortmanV for Vendetta...
75.5%
Tom HanksAngels and Demons...
72.4%
Keira KnightlyPOTC...
70.6%
Keanu ReevesMatrix...
69.1%
Hillary SwankMillion Dollar Baby...
67.9%
Tom CruiseThe Last Samurai...
65.6%
Sean PennMilk...
64.7%
Jeff BridgesCrazy Heart...
64.2%
Matt DamonInvictus...
61.7%
Halle BerrySwordfish...
60.3%
Kate WinsletThe Reader...
57.4%
Brad PittInglourious Basterds...
56%
Sandra BullockMiss Congeniality...
54.9%
Actor Movie % Correct
Al PacinoRighteous Kill...
53.8%
Cameron DiazThe Box...
52.7%
Robert Downey JrTropic Thunder...
50.5%
Julia RobertsDuplicity...
50.3%
Helen HuntCast Away...
50%
Uma ThurmanKill Bill...
45.5%
Reese WitherspoonRendition...
44.7%
Denzel WashingtonJohn Q...
43.6%
Bruce WillisLive Free Die Hard...
41.5%
Jessica AlbaSin City...
36.1%
Ben AffleckGigli...
33.9%
Edward NortonThe Score...
33.4%
Anthony HopkinsThe Wolfman...
30.6%
Pierce BrosnanGolden Eye...
29.4%
Gene HackmanHeist...
26.8%
Nicolas CageNext...
25.1%
Kevin SpaceyKPax...
18.4%

You're not logged in!

Compare scores with friends on all Sporcle quizzes.
OR
Log In

You Might Also Like...

Show Comments

Extras

Created Mar 12, 2010ReportNominate

Top Quizzes Today


Score Distribution

Your Account Isn't Verified!

In order to create a playlist on Sporcle, you need to verify the email address you used during registration. Go to your Sporcle Settings to finish the process.

Report this User

Report this user for behavior that violates our Community Guidelines.

Details: